000 00161 a2200085 4500
020 _a9780439559850
100 _aJUDY BLUME
245 _aFUDGE A MARIA
942 _cBK
999 _c3070
_d3070